000 00787nam a22001937a 4500
999 _c370786
_d370786
008 201130b ||||| |||| 00| 0 eng d
040 _bger
_cDE-2950
_erda
_aDE-2950
041 _ager
100 _aWeber-Rath, Ines:
245 _aTourismusverein wird aufgelöst.
_bInteressenvertretung: Der Lobbyist der Leistungserbringer fühlt sich vom Stadtmarketing außen vor gelassen und überflüssig gemacht. Die Vereinsvertreter ziehen Bilanz /
_cInes Weber-Rath
264 _c2021
653 _aFrankfurt (Oder)
653 _aTourismusverein
773 _dFrankfurt (Oder): Märkisches Verlags- und Druckhaus GmbH & Co KG
_g32. Jahrgang (2021) Nr. 209 vom 08.09.2021, S. 15
_tMärkische Oderzeitung
942 _cA